[Event "Independence Cup A"]
[Site "Kyiv UKR"]
[Date "2007.08.15"]
[Round "3"]
[White "Zakharchenko,A"]
[Black "Burdalev,K"]
[Result "1-0"]
[WhiteElo "2289"]
[BlackElo "2169"]

1.d4 d5 2.c4 c6 3.Nf3 Nf6 4.Qc2 dxc4 5.Qxc4 Bf5 6.Nc3 e6 7.g3 Nbd7 8.Bg2 Be7
9.O-O O-O 10.Re1 Ne4 11.Qb3 Qb6 12.Nh4 Qxb3 13.axb3 Bxh4 14.gxh4 Nef6 15.e4 Bg6
16.Bf4 Rfd8 17.Bc7 Rdc8 18.Bd6 Rd8 19.Rad1 Nb6 20.Bc7 Rdc8 21.Bf4 Rd8 22.f3 Rd7
23.Be3 Rdd8 24.Bf1 h6 25.b4 Nbd7 26.b5 cxb5 27.Nxb5 a6 28.Nd6 Rab8 29.Rc1 Nb6
30.Nc4 Nxc4 31.Rxc4 Rbc8 32.Rec1 Rxc4 33.Rxc4 Rd7 34.Rc8+ Kh7 35.Bh3 Re7
36.Bd2 Nh5 37.d5 exd5 38.Bb4 Re5 39.Bd6 Re6 40.Bxe6 fxe6 41.exd5 exd5 42.Be5 Bd3
43.Kf2 Kg6 44.Ke3 Bb5 45.Rc7 Bc6 46.b4 Nf6 47.Bxf6 gxf6 48.Kd4 Kh5 49.Rg7 f5
50.f4 Kxh4 51.Ke5 d4 52.Kxf5 d3 53.Rg3 Ba4 54.Rg2 b6 55.Ke5 a5 56.f5 Bb3
57.Kd4 a4 58.Kc3 Kh3 59.Rf2 Bf7 60.Kxd3 a3 61.Kc3 a2 62.Kb2 Kg4 63.Rd2 Kxf5
64.Rd6 h5 65.Rxb6 Kg4 66.b5 Kh3 67.Rd6 Bc4 68.b6 Ba6 69.Rd2 Bb7 70.Rd7 Be4
71.b7 Bxb7 72.Rxb7 h4 73.Rb4  1-0

[Event "Independence Cup A"]
[Site "Kyiv UKR"]
[Date "2007.08.17"]
[Round "5"]
[White "Bykov,Alexe1"]
[Black "Shevtsov,N"]
[Result "0-1"]
[WhiteElo "2250"]
[BlackElo "2400"]

1.d4 Nf6 2.Nf3 d5 3.c4 c6 4.Qb3 dxc4 5.Qxc4 Bf5 6.g3 Nbd7 7.Bg2 e6 8.Nc3 h6
9.O-O Be7 10.Qb3 Qb6 11.Nd2 O-O 12.e4 Bh7 13.Nc4 Qb4 14.Bf4 b5 15.Qxb4 Bxb4
16.Ne5 Nxe5 17.dxe5 Nd7 18.Rac1 g5 19.Rfd1 Rfd8 20.Be3 Nxe5 21.Rxd8+ Rxd8
22.Bxa7 Ra8 23.Bd4 Nd3 24.Rc2 e5 25.Be3 Ne1 26.Rc1 Nxg2 27.Kxg2 Bxc3 28.Rxc3 Bxe4+
29.f3 Bd5 30.a3 g4 31.Bxh6 gxf3+ 32.Kf2 Kh7 33.Be3 Kg6 34.Bc5 Rh8 35.h4 Kf5
36.Re3 f6 37.Re1 Kg4 38.Be7 Kf5 39.Bc5 Rh7 40.Bb6 Rb7 41.Bc5 Kg4 42.Bb4 Rc7
43.Rc1 Bc4 44.Rd1 Bd5 45.Rc1 Kf5 46.Bc5 Rg7 47.Be3 Kg4 48.Bc5 Rd7 49.Rd1 f5
50.Be3 Rf7 51.Rd2 f4 52.gxf4 exf4 53.Bc5 Kxh4 54.Bd6 Kg4 55.Rd4 Rf6 56.Bc7 Re6
57.Rd2 Rh6 58.Kg1 Rh1+ 59.Kf2 Bc4  0-1

[Event "Independence Cup A"]
[Site "Kyiv UKR"]
[Date "2007.08.17"]
[Round "5"]
[White "Zakharchenko,A"]
[Black "Varchenko,G"]
[Result "1-0"]
[WhiteElo "2289"]
[BlackElo "2223"]

1.d4 d5 2.c4 c6 3.Nf3 Nf6 4.Qc2 g6 5.Nbd2 Bg7 6.e3 O-O 7.Bd3 Bg4 8.h3 Bxf3
9.Nxf3 Nbd7 10.O-O c5 11.cxd5 cxd4 12.e4 Rc8 13.Qe2 Nc5 14.Bg5 Nfd7 15.Rfe1 h6
16.Bh4 g5 17.Bg3 e5 18.dxe6 fxe6 19.e5 Nb6 20.Rad1 Rf7 21.Bb5 d3 22.Bxd3 Nxd3
23.Rxd3 Nd5 24.Red1 Rd7 25.Qe4 Qb6 26.R3d2 Qa6 27.a3 Rc4 28.Qg6 Rf7 29.Nd4 Re7
30.h4 gxh4 31.Bxh4 Nf4 32.Qg4 Rf7 33.Bf6 Rxd4 34.Rxd4 Ne2+ 35.Kh2 Nxd4 36.Rxd4 Qc6
37.Rd6 Qc2 38.Bxg7 Rxg7 39.Qxe6+ Kh8 40.Qxh6+  1-0

[Event "TCh-ESP CECLUB Norte Div 1"]
[Site "Sabadell ESP"]
[Date "2007.08.17"]
[Round "4"]
[White "Hernandez Carmenates,Hold"]
[Black "Cruz Lopez Claret,C"]
[Result "1/2-1/2"]
[WhiteElo "2544"]
[BlackElo "2320"]

1.d4 d5 2.c4 c6 3.Qc2 Nf6 4.Nf3 dxc4 5.Qxc4 Bf5 6.g3 e6 7.Bg2 Nbd7 8.O-O Be7
9.Nc3 O-O 10.Re1 b5 11.Qxc6 b4 12.e4 Bg6 13.e5 Rc8 14.Qa6 bxc3 15.exf6 Nxf6
16.bxc3 Rxc3 17.Ne5 Qb6 18.Qxb6 axb6 19.Nxg6 hxg6 20.d5 Bc5 21.dxe6 fxe6
22.Bh3 Ng4 23.Re2 Rxf2 24.Rxf2 Nxf2 25.Bxe6+ Kf8 26.Kg2 Nd3 27.Bg5 Rc2+ 28.Kh3 Nf2+
29.Kh4 Re2 30.Bd5 Re5 31.Bf3 Rf5 32.Bg4 Re5 33.Bf3 Rf5 34.Bg4 Re5 35.Bf3  1/2-1/2

[Event "Independence Cup A"]
[Site "Kyiv UKR"]
[Date "2007.08.19"]
[Round "7"]
[White "Bykov,Alexe1"]
[Black "Manilyk,A"]
[Result "1/2-1/2"]
[WhiteElo "2250"]
[BlackElo "2133"]

1.d4 d5 2.Nf3 Nf6 3.c4 c6 4.Qb3 dxc4 5.Qxc4 Bf5 6.g3 Nbd7 7.Bg2 e6 8.Nc3 Be7
9.O-O O-O 10.Re1 Ne4 11.Qb3 Qb6 12.Nh4 Qxb3 13.axb3 Bxh4 14.gxh4 Nef6 15.e4 Bg4
16.Bf4 h6 17.Bd6 Rfe8 18.b4 a6 19.e5 Nd5 20.Nxd5 exd5 21.Ra3 Nb6 22.Rg3 Be6
23.b3 Nc8 24.Bf1 Nxd6 25.exd6 Rad8 26.Rge3 Rxd6 27.f4 Kf8 28.Bh3 Bd7 29.Rxe8+ Bxe8
30.Bc8 b5 31.Kf2 Rd8 32.Bf5 Rd6 33.Kf3 g6 34.Bd3 Bd7 35.Ra1 Bc8 36.Ra2 Re6
37.Ra1 Ke7 38.h5 Rf6 39.Ke3 g5 40.fxg5 hxg5 41.Rg1 g4 42.Be2 Re6+ 43.Kd3 Re4
44.h6 Bf5 45.Rf1 Bg6 46.Rc1 Kf8 47.Ra1 Kg8 48.Rxa6 Kh7 49.Bd1 Kxh6 50.Kc3 Re3+
51.Kb2 Rd3 52.Bxg4 Rxd4 53.Bd7 Rd2+ 54.Kc3 Rd3+ 55.Kb2 d4 56.Bxc6 Rd2+ 57.Kc1 Rc2+
58.Kd1 Rxh2 59.Bxb5 Rh1+ 60.Kd2 Rh2+ 61.Kd1 Kg5 62.Rd6 Kf4 63.Rd7 Ke3 64.Bc6 Rd2+
65.Ke1 Re2+ 66.Kd1 Bc2+ 67.Kc1 Bxb3 68.Bb5 Rh2 69.Re7+ Be6 70.Bc4 Rh6 71.b5 d3
72.Bb3 Kd4 73.Bxe6 fxe6 74.Kd2 Rh2+ 75.Kd1 e5 76.b6 e4 77.b7 e3 78.Rd7+ Ke4
79.Re7+ Kf3 80.Rf7+ Kg4 81.Rg7+ Kf5 82.Kc1 Rh8 83.Rc7 Rd8 84.Re7 Kf4 85.Kd1 Rh8
86.Rh7 Rb8 87.Rf7+ Ke4 88.Re7+ Kf3 89.Rf7+ Ke4 90.Re7+ Kd4 91.Rd7+ Kc3 92.Rc7+ Kb3
93.Re7 Kc3 94.Rc7+ Kb3 95.Re7 Kc4 96.Rc7+ Kb4 97.Re7 Rh8 98.Rh7 Rg8 99.Rg7 Re8
100.Re7 Rh8 101.Rh7 e2+ 102.Kd2 Rb8 103.Re7 Kc4 104.Re4+ Kd5 105.Kxd3  1/2-1/2

[Event "17th Chess Festival"]
[Site "Abu Dhabi UAE"]
[Date "2007.08.20"]
[Round "9"]
[White "Saric,A"]
[Black "Mouradian,K"]
[Result "1-0"]
[WhiteElo "2499"]
[BlackElo "2164"]

1.d4 d5 2.c4 c6 3.Nf3 Nf6 4.Qc2 e6 5.g3 Bd6 6.Bg2 dxc4 7.Qxc4 Nbd7 8.Bf4 Qa5+
9.Nc3 Nb6 10.Qb3 Bxf4 11.gxf4 Nbd5 12.e3 Ne4 13.Rc1 f5 14.O-O Ndxc3 15.bxc3 O-O
16.Rfd1 Kh8 17.c4 c5 18.Qd3 Nd6 19.dxc5 Nf7 20.c6 bxc6 21.Nd4 Qa6 22.Nxc6 Bb7
23.Qd7 Bxc6 24.Qxc6 Qxc6 25.Bxc6 Rad8 26.Bd7  1-0

[Event "Acropolis Open"]
[Site "Athens GRE"]
[Date "2007.08.20"]
[Round "7"]
[White "Moutousis,K"]
[Black "Banikas,H"]
[Result "0-1"]
[WhiteElo "2428"]
[BlackElo "2567"]

1.d4 d5 2.c4 c6 3.Nf3 Nf6 4.Qb3 dxc4 5.Qxc4 e6 6.g3 b5 7.Qc2 Bb7 8.Bg2 Nbd7
9.O-O c5 10.Bg5 Qb6 11.Bxf6 Nxf6 12.Nbd2 Rc8 13.Rfc1 Be7 14.e3 O-O 15.dxc5 Bxc5
16.Qd3 Rfd8 17.Qe2 Nd5 18.Nb3 Be7 19.Rxc8 Rxc8 20.Rc1 Rxc1+ 21.Nxc1 b4 22.Ne1 a5
23.Ncd3 g6 24.Qc2 Ba6 25.Bf1 Bf6 26.Nf3 Kg7 27.Nde5 Bxf1 28.Kxf1 Qxe3 29.Qxg6+ hxg6
30.fxe3 Nxe3+ 31.Ke2 Nd5 32.Kd3 g5 33.h3 Bd8 34.Nc6 Bf6 35.b3 Nc3 36.Nxa5 Nxa2
37.Nc6 Nc1+ 38.Kc4 Ne2 39.g4 Nf4 40.Kxb4 Nxh3 41.Ka4 Nf2 42.b4 Nxg4 43.b5 e5
44.b6 e4 45.Nd2 Ne5 46.Nxe5 Bxe5 47.Nxe4 g4 48.Kb5 f5 49.Nd2 Kf6 50.Kc4 Kg5
51.Kd3 Kh4 52.Ke2 Kh3 53.b7 Bb8 54.Kf2 Ba7+ 55.Kf1 g3 56.Nf3 g2+ 57.Ke2 Kg3
58.Ng1 Kh2 59.Nf3+ Kh1 60.b8=Q Bxb8 61.Kf2 f4  0-1

[Event "Dato Arthur Tan Malaysian Op"]
[Site "Kuala Lumpur MAS"]
[Date "2007.08.20"]
[Round "1"]
[White "Nguyen Anh Dung"]
[Black "Yeap Eng Cheam"]
[Result "1-0"]
[WhiteElo "2537"]
[BlackElo "2138"]

1.d4 d5 2.c4 c6 3.Nf3 dxc4 4.e3 b5 5.a4 e6 6.axb5 cxb5 7.b3 Nf6 8.bxc4 bxc4
9.Bxc4 Bb4+ 10.Bd2 Bxd2+ 11.Nbxd2 O-O 12.O-O Nbd7 13.Ra3 Bb7 14.Qa1 Qc7 15.Ba6 Rfc8
16.Bxb7 Qxb7 17.Rb1 Nb6 18.h3 Rc2 19.Ra6 Qc7 20.Raxb6 Rc8 21.Rb7  1-0

[Event "Dato Arthur Tan Malaysian Op"]
[Site "Kuala Lumpur MAS"]
[Date "2007.08.20"]
[Round "2"]
[White "Nadera,B"]
[Black "Ton That Nhu Tung"]
[Result "1-0"]
[WhiteElo "2402"]
[BlackElo "2247"]

1.d4 d5 2.Nf3 Nf6 3.c4 c6 4.Qc2 g6 5.Bf4 Bg7 6.e3 O-O 7.Nc3 Na6 8.a3 Nc7
9.h3 Ne6 10.Be5 b6 11.Be2 Bb7 12.O-O Qd7 13.Rfd1 Rfd8 14.Rac1 Qe8 15.Bh2 c5
16.cxd5 Nxd5 17.Bb5 Qf8 18.Nxd5 Bxd5 19.Ne5 cxd4 20.exd4 Rdc8 21.Qa4 Rxc1
22.Rxc1 Rc8 23.Rd1 Qd8 24.Bg3 Be4 25.Re1 Qd5 26.Bd7 Bc2 27.Qb4 Rf8 28.Bxe6 Qxe6
29.Nf3 Qa2 30.Qc3 Bf5 31.Rxe7 Rc8 32.Rc7 Rxc7 33.Bxc7 Be4 34.Be5 Bf8 35.Ng5 Bf5
36.Qc6 Be6 37.Qe8  1-0

[Event "Dato Arthur Tan Malaysian Op"]
[Site "Kuala Lumpur MAS"]
[Date "2007.08.20"]
[Round "2"]
[White "Nanjo,R"]
[Black "Schon,E"]
[Result "1/2-1/2"]
[WhiteElo "2165"]
[BlackElo "1963"]

1.d4 d5 2.c4 c6 3.Nf3 Nf6 4.g3 Bg4 5.Bg2 e6 6.Nbd2 Nbd7 7.b3 Bd6 8.Bb2 Qe7
9.O-O O-O 10.a3 a5 11.h3 Bh5 12.Re1 Ne4 13.Nxe4 dxe4 14.Ne5 f5 15.Qd2 Rfd8
16.Qc3 Nxe5 17.dxe5 Bc5 18.Qc2 Qg5 19.e3 Rd3 20.Bc3 Qe7 21.Bf1 Rd7 22.Qb2 g5
23.b4 Bb6 24.c5 Bc7 25.Bc4 Re8 26.Qb3 axb4 27.axb4 Bf3 28.b5 Kf7 29.Bd4 f4
30.bxc6 bxc6 31.Ra6 g4 32.h4 Rxd4 33.exd4 e3 34.Qc2 Kg7 35.Ra7 Kh8 36.Rb1 Qd8
37.Qd3 Rf8 38.Rbb7 Rf7 39.Bxe6 fxg3 40.fxg3 e2 41.Rb1 Re7 42.Bc4 Rd7 43.Qf5 Rf7
44.Qd3 Rd7 45.d5 Bxe5 46.Rxd7 Qxd7 47.Qe3 Qf5 48.Re1 Qf6 49.Qg5 Qxg5 50.hxg5 Bxg3
51.Rxe2 Bxe2 52.Bxe2 cxd5 53.Bxg4 Kg7 54.Bf5 Kf7 55.Bxh7 Bf4 56.c6 Ke7 57.g6 Be5
58.Bg8 Kf6 59.Bf7 d4 60.Kf2 Ke7 61.Ke2 Bg7 62.Kd3 Kd6 63.Bd5 Kc7 64.Kc4 Bf6
65.Be4 Bg7 66.Kd5 Bh8 67.Bd3 Bg7 68.Bb5 Bh8 69.Ke4 Kd6 70.Kf4 Bg7 71.Kg4 Bf6
72.Kf5 Bg7 73.Kf4 Be5+ 74.Ke4 Bf6 75.Kf5 Bg7 76.Kf4 Be5+ 77.Kg4 Bf6 78.Kh5 d3
79.Bxd3 Kxc6  1/2-1/2

[Event "XIX Open"]
[Site "Porto San Giorgio ITA"]
[Date "2007.08.21"]
[Round "1"]
[White "Rausis,I"]
[Black "Bighiu,G"]
[Result "1-0"]
[WhiteElo "2524"]
[BlackElo "2067"]

1.d4 d5 2.c4 c6 3.Nf3 Nf6 4.Qc2 Ne4 5.Bf4 e6 6.Nc3 Bb4 7.e3 Qa5 8.Nd2 Nxc3
9.bxc3 Bxc3 10.Rd1 Na6 11.Be2 Bb4 12.c5 b6 13.O-O bxc5 14.Nb3 Qa4 15.dxc5 O-O
16.Rd4 Qa3 17.Bd6 Re8 18.Rh4 f5 19.Be5 Bxc5 20.Bb2 Qxa2 21.Ra1  1-0

[Event "Dato Arthur Tan Malaysian Op"]
[Site "Kuala Lumpur MAS"]
[Date "2007.08.22"]
[Round "6"]
[White "Nadera,B"]
[Black "Rahman,Zia"]
[Result "1/2-1/2"]
[WhiteElo "2402"]
[BlackElo "2522"]

1.d4 d5 2.Nf3 c6 3.c4 Nf6 4.Qc2 g6 5.Bf4 Bg7 6.e3 O-O 7.Nc3 a6 8.h3 Bf5 9.Qb3 Ra7
10.Be2 dxc4 11.Bxc4 b5 12.Be2 Nbd7 13.a4 Qa5 14.O-O Be6 15.Qc2 b4 16.Nb1 c5
17.Nbd2 Rc8 18.e4 b3 19.Qc1 Qb4 20.Bg5 Nb6 21.d5 Bd7 22.a5 Na4 23.Ra3 Nxe4
24.Rxb3 Nxg5 25.Rxb4 cxb4 26.Qe1 Nxf3+ 27.Nxf3 Rb8 28.b3 Nc3 29.Bc4 Bb5 30.Qe3 Rab7
31.Nd2 Bxc4 32.Nxc4 Nxd5 33.Qc5 e6 34.Qc6 Ra7 35.Rd1 Bf8 36.g3 Rd8 37.Re1 Be7
38.Kg2 Kg7 39.h4 h5 40.Rc1 Bf6 41.Re1 Be7 42.Rc1 Bf6 43.Re1  1/2-1/2

[Event "1st Serbian League Women"]
[Site "Zlatibor SRB"]
[Date "2007.08.23"]
[Round "3"]
[White "Prudnikova,S"]
[Black "Olarasu,G"]
[Result "1/2-1/2"]
[WhiteElo "2355"]
[BlackElo "2283"]

1.Nf3 d5 2.d4 c6 3.c4 Nf6 4.Qc2 Bg4 5.Ne5 Bh5 6.cxd5 Nxd5 7.e3 e6 8.Nc3 Nd7
9.Nxd5 exd5 10.Nxd7 Qxd7 11.Bd3 Bg6 12.Bd2 Bd6 13.O-O-O Bxd3 14.Qxd3 O-O
15.h4 Qe6 16.h5 Rfd8 17.Kb1 b6 18.Bc3 Be7 19.f3 Bf6 20.g4 Rd7 21.Rhe1 g6
22.hxg6 fxg6 23.Re2 Re8 24.e4 dxe4 25.Rxe4 Qf7 26.Rde1 Rxe4 27.Qxe4 Re7 28.Qxc6 Rxe1+
29.Bxe1 Bxd4 30.Bh4 h5 31.Qe4 Bg7 32.gxh5 gxh5 33.f4 Qd7 34.a3 Qb5 35.Qa8+ Kh7
36.Qe4+ Kg8 37.Qa8+ Kh7  1/2-1/2

[Event "27th Open"]
[Site "Bratto ITA"]
[Date "2007.08.26"]
[Round "4"]
[White "Rombaldoni,D"]
[Black "Burmakin,V"]
[Result "0-1"]
[WhiteElo "2383"]
[BlackElo "2581"]

1.d4 d5 2.c4 c6 3.Nf3 Nf6 4.Qc2 g6 5.Bf4 Bg7 6.e3 O-O 7.Nc3 Be6 8.Qb3 dxc4
9.Qxb7 Qb6 10.Qxb6 axb6 11.Bxb8 Rfxb8 12.Ne5 b5 13.Nxc6 b4 14.Nxb8 bxc3 15.bxc3 Rxb8
16.a4 Ne4 17.a5 Rb7 18.f3 Nxc3 19.Kd2 Na2 20.Rxa2 c3+ 21.Kxc3 Bxa2 22.a6 Rb3+
23.Kd2 Ra3 24.Bd3 e5 25.Ra1 exd4 26.e4 Bf8 27.Kc1 Be6 28.Rxa3 Bxa3+ 29.Kd2 Bc5  0-1

[Event "15th Open"]
[Site "Nikea GRE"]
[Date "2007.08.27"]
[Round "6"]
[White "Simeonidis,I"]
[Black "Abatzidis,S"]
[Result "1-0"]
[WhiteElo "2309"]
[BlackElo "2039"]

1.Nf3 d5 2.d4 c6 3.c4 dxc4 4.e3 b5 5.a4 a6 6.axb5 cxb5 7.b3 e6 8.bxc4 bxc4
9.Bxc4 Bb4+ 10.Bd2 Qb6 11.O-O Nf6 12.Qa4+ Nc6 13.Bxb4 Qxb4 14.Qxc6+ Nd7 15.Qxa8 Qxc4
16.Nbd2  1-0

[Event "1st Serbian League Men"]
[Site "Zlatibor SRB"]
[Date "2007.08.28"]
[Round "7"]
[White "Barlov,D"]
[Black "Benkovic,P"]
[Result "1-0"]
[WhiteElo "2469"]
[BlackElo "2465"]

1.d4 d5 2.c4 c6 3.Nf3 dxc4 4.e3 Be6 5.Be2 Nf6 6.O-O h6 7.a4 g6 8.Na3 Bg7
9.Nxc4 c5 10.dxc5 Qxd1 11.Rxd1 Ne4 12.Nd4 Bxc4 13.Bxc4 Nxc5 14.b4 Ncd7 15.Rb1 a6
16.Bb2 Nb6 17.Bb3 O-O 18.a5 Nc8 19.Bd5 Nd6 20.Nb3 Rc8 21.Bxg7 Kxg7 22.Rbc1 Rxc1
23.Rxc1 Nd7 24.g3 Rd8 25.Rc7 Nf6 26.Bxb7 Nfe8 27.Rxe7 Kf8 28.Nd4 Kxe7 29.Nc6+ Kd7
30.Nxd8 Kxd8 31.Bxa6 Nc7 32.Bd3 Kd7 33.e4 Ndb5 34.f4 Nd4 35.a6 Kc6 36.Kf2 Ndb5
37.e5 Na3 38.Kf3 Kb6 39.Ke4 Nab5 40.f5 Nc3+ 41.Kf3 gxf5 42.Kf4 N3d5+ 43.Kxf5 Ne6
44.b5 Ne7+ 45.Kg4 Ng7 46.Bf1 Ne6 47.Kf3 Nf5 48.Ke4 Nfd4 49.h4 Nxb5 50.Bxb5 Kxb5
51.a7 Nc7 52.Kf5 Kb6 53.Kf6 Kxa7 54.Kxf7 Kb7 55.g4 Kc6 56.e6 Kd6 57.e7 Kd7
58.h5 Ne8 59.g5 Nd6+ 60.Kf8 hxg5 61.h6  1-0

[Event "27th Open"]
[Site "Bratto ITA"]
[Date "2007.08.29"]
[Round "7"]
[White "Khenkin,I"]
[Black "Efimov,Ig"]
[Result "1-0"]
[WhiteElo "2602"]
[BlackElo "2426"]

1.d4 d5 2.c4 c6 3.Nf3 Nf6 4.Qb3 dxc4 5.Qxc4 Bf5 6.g3 e6 7.Bg2 Na6 8.a3 Be7
9.O-O O-O 10.Nc3 Ne4 11.Ne5 Nd6 12.Qb3 Qb6 13.Qxb6 axb6 14.e4 Bg6 15.Nd7 b5
16.Nxf8 Bxf8 17.Rd1 f6 18.f3 Bf7 19.Bf1 e5 20.d5 Nc5 21.Be3 Nc4 22.Bxc4 bxc4
23.dxc6 bxc6 24.Bxc5 Bxc5+ 25.Kf1 Bd4 26.Rd2 Be6 27.Ke2 Kf7 28.Rc2 h5 29.Nd1 Rb8
30.a4 Bc8 31.Kd2 Ba6 32.Rc3 Bxc3+ 33.bxc3 Ke7 34.Kc2 Rb3 35.Ne3 g6 36.h4 Kd6
37.g4 Kc5 38.gxh5 gxh5 39.Nf5 Rb8 40.Rg1 Rb3 41.Ng7 Ra3 42.Nxh5 Ra2+ 43.Kb1 Rf2
44.Rg3 Kb6 45.Nxf6 Ka5 46.Ng4 Rf1+ 47.Kb2 Rh1 48.Rg2 Bc8 49.Rh2  1-0

[Event "XXII Open"]
[Site "Parla ESP"]
[Date "2007.09.01"]
[Round "1"]
[White "Franco Alonso,A"]
[Black "Ramirez Bulnes,J"]
[Result "1-0"]
[WhiteElo "2425"]
[BlackElo "1951"]

1.Nf3 c6 2.d4 d5 3.c4 Nf6 4.Qc2 g6 5.Bf4 Bf5 6.Qb3 Qb6 7.c5 Qxb3 8.axb3 Bxb1
9.Rxb1 Nbd7 10.h3 Bg7 11.b4 O-O 12.e3 Nh5 13.Bh2 Rfc8 14.b5 Nhf6 15.b4 cxb5
16.Bxb5 a6 17.Ba4 b5 18.Bc2 Ne8 19.Bd3 f5 20.O-O Nb8 21.Ra1 Nc6 22.Rfb1 h6
23.Ra3 Kf7 24.Kf1 e6 25.h4 Bf6 26.Bf4 Kg7 27.g3 Nc7 28.Bxc7 Rxc7 29.Bxb5 axb5
30.Rxa8 g5 31.Ra6 g4 32.Ne5 Bxe5 33.dxe5 Kf7 34.Rb6 Nxe5 35.Rxb5 Nc4 36.Ra1 e5
37.Rb8 d4 38.exd4 exd4 39.Rd8 Nd2+ 40.Kg2 Nf3 41.Rb1 h5 42.b5 f4 43.b6 Rxc5
44.b7 fxg3 45.b8=Q Nxh4+ 46.Kxg3 Kg7 47.Qc8  1-0

[Event "Masters"]
[Site "Trieste ITA"]
[Date "2007.09.02"]
[Round "2"]
[White "Hilmer,F"]
[Black "Bussa,P"]
[Result "1-0"]
[WhiteElo "2221"]
[BlackElo "1891"]

1.d4 d5 2.c4 c6 3.Nf3 Nf6 4.Qc2 dxc4 5.Qxc4 Bf5 6.g3 Nbd7 7.Bg2 e6 8.O-O Be7
9.Nc3 Ne4 10.Rd1 Nxc3 11.Qxc3 Be4 12.Bf1 Bd5 13.Nd2 f5 14.Nc4 c5 15.dxc5 Bf6
16.Nd6+ Ke7 17.Qa3 Be5 18.Nxf5+ Kf7 19.Ne3 Bc6 20.Nc4 Qe7 21.Rxd7 Bxd7 22.Nxe5+ Ke8
23.Bg2 Rc8 24.Qxa7 Qxc5 25.Qxc5 Rxc5 26.Nxd7 Kxd7 27.Bxb7 Rb8 28.Bf3 Rbc8
29.Be3  1-0

[Event "60th ch-RUS Higher League"]
[Site "Krasnoyarsk RUS"]
[Date "2007.09.03"]
[Round "1"]
[White "Belov,Vl"]
[Black "Lintchevski,D"]
[Result "1/2-1/2"]
[WhiteElo "2590"]
[BlackElo "2451"]

1.d4 d5 2.c4 c6 3.Nf3 Nf6 4.Qb3 dxc4 5.Qxc4 Bf5 6.g3 e6 7.Bg2 Nbd7 8.Nc3 Be7
9.O-O O-O 10.Re1 Ne4 11.Qb3 Qb6 12.Nh4 Qxb3 13.axb3 Bb4 14.Ra4 Bxc3 15.bxc3 Nxc3
16.Nxf5 exf5 17.Ra5 g6 18.Bb2 Ne4 19.f3 Nd6 20.e4 Rfe8 21.e5 Nc8 22.d5 cxd5
23.Rxd5 Nf8 24.f4 Rb8 25.Rc1 Ne7 26.Rd2 Nc6 27.Ba3 Rbc8 28.Bd6 a5 29.Rc5 Red8
30.Rb5 Rd7 31.Kf2 Ne6 32.Ke3 Ra8 33.Rb6 Rc8 34.Rc2 Kg7 35.Rc4 Re8 36.Kd2 Ned8
37.Rb5 f6 38.Rd5 Ne6 39.Rd3 Red8 40.Bxc6 bxc6 41.Rxc6 Kf7 42.Kc3 fxe5 43.fxe5 Ra8
44.Kb2 g5 45.Ka3 h5 46.Ka4 f4 47.gxf4 gxf4 48.Rh3 Kg6 49.Bc5 Re8 50.Bb6 Rd5  1/2-1/2

[Event "ch-Africa Men"]
[Site "Windhoek NAM"]
[Date "2007.09.04"]
[Round "4"]
[White "Abdel Razik,K"]
[Black "Van den Heever,D"]
[Result "1-0"]
[WhiteElo "2372"]
[BlackElo "2151"]

1.d4 d5 2.c4 c6 3.Nf3 Nf6 4.Qc2 dxc4 5.Qxc4 Bf5 6.g3 e6 7.Bg2 Be7 8.O-O Nbd7
9.Nc3 Ne4 10.e3 Nxc3 11.bxc3 Be4 12.Qe2 Qa5 13.Qb2 h5 14.h4 O-O-O 15.Rb1 Bxb1
16.Qxb1 g5 17.hxg5 Bxg5 18.d5 Bf6 19.dxc6 bxc6 20.Nd4 Bxd4 21.cxd4 Nb6 22.Qe4 Nd5
23.Qc2 Qc3 24.Qa4 Kb7 25.Bd2 Qd3 26.Rc1 Qb5 27.Qc2 Ka8 28.Rb1 Qa6 29.Bf1 Qc8
30.Qa4 Qd7 31.e4 Ne7 32.Bf4 Ng6 33.Be3 h4 34.d5 exd5 35.Bxa7 c5 36.Qa6 Qc8
37.Rb8+ Qxb8 38.Bxc5+  1-0

[Event "60th ch-RUS Higher League"]
[Site "Krasnoyarsk RUS"]
[Date "2007.09.05"]
[Round "3"]
[White "Zablotsky,S"]
[Black "Shomoev,A"]
[Result "0-1"]
[WhiteElo "2498"]
[BlackElo "2561"]

1.d4 d5 2.c4 c6 3.Nf3 Nf6 4.Qc2 dxc4 5.Qxc4 Bf5 6.g3 e6 7.Bg2 Nbd7 8.O-O Be7
9.Nc3 O-O 10.Re1 Bg6 11.Bg5 h6 12.Bxf6 Bxf6 13.Rad1 Qb6 14.e4 Rfd8 15.Rd2 Rac8
16.Red1 e5 17.Bh3 exd4 18.Nxd4 Bh5 19.Bxd7 Rxd7 20.Nb3 Rxd2 21.Rxd2 Rd8 22.Rxd8+ Qxd8
23.Kg2 Qd7 24.f3 b6 25.Qe2 Be5 26.Nc1 f6 27.Nd3 Bc7 28.Nd1 Qd4 29.b3 a5 30.Nf4 Bf7
31.Ne3 b5 32.Nf5 Qd7 33.Qc2 Bxf4 34.gxf4 Be6 35.Nh4 Qd6 36.e5 fxe5 37.Qg6 Qd2+
38.Kg1 Bf7 39.Qg4 Qxf4 40.Qc8+ Kh7  0-1

[Event "60th ch-RUS Higher League"]
[Site "Krasnoyarsk RUS"]
[Date "2007.09.06"]
[Round "4"]
[White "Gavrilov,Al1"]
[Black "Alavkin,A"]
[Result "1-0"]
[WhiteElo "2512"]
[BlackElo "2500"]

1.d4 d5 2.c4 c6 3.Nf3 Nf6 4.Qc2 dxc4 5.Qxc4 Bg4 6.Nbd2 Nbd7 7.g3 e6 8.Bg2 Be7
9.O-O O-O 10.Qb3 Qb6 11.Nc4 Qa6 12.Re1 Nb6 13.Nce5 Bh5 14.e4 c5 15.dxc5 Bxc5
16.Nd3 Rac8 17.Nxc5 Rxc5 18.Bf1 Qa4 19.Be3 Rcc8 20.Nd2 Qa5 21.a4 Rfd8 22.Bxb6 Qxb6
23.Qxb6 axb6 24.Nc4 Bf3 25.e5 Nd7 26.Ra3 Bd5 27.Rc3 Rc6 28.f4 Ra8 29.Nd6 Rxc3
30.bxc3 Nc5 31.Bb5 Kf8 32.c4 Bf3 33.Rb1 Ke7 34.Kf2 Be4 35.Rd1 Rd8 36.Ke3 Bc2
37.Ra1 Ra8 38.h4 f6 39.Ra2 Bg6 40.g4 fxe5 41.fxe5 h6 42.h5 Bh7 43.Rf2 Bg8
44.Rg2 Bf7 45.Rf2 Bg8 46.Rg2 Bf7 47.Rb2 Bg8 48.Be8 Ra6 49.Bg6 Nd7 50.Kd4 Rxa4
51.Nc8+ Kd8 52.Nxb6 Nxb6 53.Rxb6 Kc7 54.Rb1 Ra8 55.Be4 Rb8 56.Rf1 Rd8+ 57.Kc5 Rb8
58.Kb5 Rd8 59.c5 Rd4 60.Bg6 Rd8 61.Ra1 Rc8 62.Ra2 Kb8 63.Be4 Rd8 64.Bxb7 Kxb7
65.c6+ Kb8 66.Kb6 Rc8 67.Rd2 Bh7  1-0

[Event "3rd Geller mem Open A"]
[Site "Odessa UKR"]
[Date "2007.09.09"]
[Round "2"]
[White "Kruglyakov,P"]
[Black "Zubarev,Al1"]
[Result "0-1"]
[WhiteElo "2336"]
[BlackElo "2504"]

1.d4 d5 2.Nf3 c6 3.c4 dxc4 4.e3 Be6 5.a4 Nf6 6.Na3 Bd5 7.Nxc4 e6 8.Be2 c5
9.O-O Nc6 10.b3 Be7 11.Bb2 O-O 12.Rc1 Rc8 13.Nfe5 b6 14.f3 cxd4 15.Nxc6 Rxc6
16.Bxd4 Nd7 17.e4 Bxc4 18.Bxc4 Rd6 19.Kh1 e5  0-1

[Event "3rd Geller mem Open A"]
[Site "Odessa UKR"]
[Date "2007.09.12"]
[Round "5"]
[White "Ipatov,A"]
[Black "Sumets,A"]
[Result "0-1"]
[WhiteElo "2298"]
[BlackElo "2529"]

1.d4 d5 2.c4 dxc4 3.Nf3 c6 4.a4 Nf6 5.Nc3 e6 6.e3 c5 7.Bxc4 Nc6 8.O-O Be7
9.Qe2 cxd4 10.exd4 O-O 11.Rd1 Nb4 12.Ne5 Bd7 13.d5 exd5 14.Nxd5 Nfxd5 15.Bxd5 Nxd5
16.Rxd5 Bg4 17.Qd3 Qxd5 18.Qxd5 Rad8 19.Qb3 Rd1+ 20.Qxd1 Bxd1 21.Bg5 Bxg5
22.Rxd1 Rc8 23.g3 Bf6 24.Rd5 h5 25.b4 g6 26.h4 a6 27.Nd3 Kg7 28.Rd7 Rd8 29.Rxd8 Bxd8
30.Kg2 Kf6 31.Kf3 Kf5 32.a5 Be7 33.Ke3 f6 34.Kd4 g5 35.Kd5 gxh4 36.gxh4 Kg4
37.Ke6 Bf8 38.Kf7 Kxh4 39.Kxf6 Kg4 40.Ne5+ Kh3 41.Kg5 Bxb4 42.Kxh5 Bxa5 43.f4 Bc3
44.Ng4 Kg3 45.f5 a5 46.f6 a4 47.f7 Bg7 48.Nf6 a3 49.Ne4+ Kf4 50.Kg6 Bf8 51.Nc3 b5
52.Nxb5 a2 53.Nd4 Ke5 54.Nb3 Kd5 55.Na1 Kc4 56.Kf5 Kc3  0-1

[Event "17th ch-EU U16 Boys"]
[Site "Sibenik CRO"]
[Date "2007.09.14"]
[Round "1"]
[White "Yaksin,O"]
[Black "Lugovskoy,D"]
[Result "1/2-1/2"]
[WhiteElo "2231"]
[BlackElo "1964"]

1.d4 d5 2.Nf3 Nf6 3.c4 c6 4.Qb3 dxc4 5.Qxc4 Bf5 6.Nc3 e6 7.g3 Nbd7 8.Bg2 Be7
9.O-O O-O 10.Bg5 h6 11.Bxf6 Nxf6 12.Rfe1 Rc8 13.e4 Bg6 14.b4 Qb6 15.a3 Rfd8
16.Rad1 a5 17.Ne5 Bh5 18.bxa5 Qxa5 19.f3 Nd7 20.Nxd7 Rxd7 21.g4 Bg6 22.f4 Qxa3
23.f5 exf5 24.exf5 Bh7 25.Nd5 Rcd8 26.Nb6 Rc7 27.Nd5 Rcd7 28.Nxe7+ Rxe7 29.d5 cxd5
30.Bxd5 Kf8 31.Bg2 Rde8 32.Rxe7 Qxe7 33.Rb1 b6 34.Qd4 Qc5 35.Qxc5+ bxc5 36.Bd5 Bg8
37.Bc6 Rc8 38.Bd7 Rd8 39.Rb7 f6 40.Rc7 Bf7 41.Bb5 c4 42.Bxc4 Bxc4 43.Rxc4 Rd2
44.Rc7 Kg8 45.Rc8+ Kh7 46.Rc4 h5 47.gxh5 Kh6 48.Rg4 Rd5 49.Rg6+ Kh7 50.h6 gxh6
51.Rxf6 Kg7 52.Rg6+ Kh7  1/2-1/2

[Event "LNA Copa Puma"]
[Site "Argentina ARG"]
[Date "2007.09.22"]
[Round "7"]
[White "Garcia Palermo,C"]
[Black "Felgaer,R"]
[Result "1/2-1/2"]
[WhiteElo "2459"]
[BlackElo "2559"]

1.d4 d5 2.Nf3 Nf6 3.c4 c6 4.Nbd2 Bf5 5.g3 g6 6.Bg2 Bg7 7.O-O O-O 8.b3 a5
9.a3 Nbd7 10.Bb2 h6 11.e3 a4 12.c5 axb3 13.Nxb3 Qc7 14.Bc3 Rfe8 15.a4 Ne4
16.Bb4 e5 17.a5 Bg4 18.Qc2 Bf5 19.Qb2 Bf6 20.Ra3 h5 21.Rc1 exd4 22.Nbxd4 g5
23.Qd2 Bg6 24.Ne1 h4 25.gxh4 gxh4 26.Nd3 Kh7 27.a6 Rg8 28.Ba5 Qc8 29.axb7 Qxb7
30.Kh1 Ng5 31.Nf4 h3 32.Bxd5 Bxd4 33.exd4 cxd5 34.Nxg6 Rxg6 35.f4 Ne4  1/2-1/2

[Event "16th Monarch Assurance"]
[Site "Port Erin IOM"]
[Date "2007.09.25"]
[Round "4"]
[White "Gurevich,M"]
[Black "Paehtz,E"]
[Result "1-0"]
[WhiteElo "2633"]
[BlackElo "2457"]

1.d4 d5 2.c4 c6 3.Nf3 Nf6 4.Qb3 dxc4 5.Qxc4 Bf5 6.Nc3 e6 7.g3 Be7 8.Bg2 O-O
9.O-O Nbd7 10.Re1 Ne4 11.Qb3 Qb6 12.Nh4 Bxh4 13.gxh4 Nef6 14.e4 Bg6 15.Qxb6 axb6
16.Bf4 Rfe8 17.Bd6 b5 18.Rad1 Nh5 19.d5 e5 20.Bh3 Ndf6 21.f3 Nf4 22.Bf1 Bh5
23.Kf2 Nd7 24.Rd2 f6 25.Rc1 Bf7 26.b3 Nf8 27.Ne2 Nxe2 28.Bxe2 Rec8 29.Bf1 cxd5
30.Rxc8 Rxc8 31.exd5 Rd8 32.Bxf8 Kxf8 33.d6 Be8 34.f4 exf4 35.Kf3 Bc6+ 36.Kxf4 Kf7
37.Rd4 g6 38.a4 bxa4 39.bxa4 f5 40.h5 Kf6 41.h4 gxh5 42.a5 h6 43.Be2 Ke6
44.Bc4+ Kf6 45.Bd3 Bd7 46.Be2 Ra8 47.Rd5 Rc8 48.Bb5 Bxb5 49.Rxf5+ Ke6 50.Rxb5 Rc4+
51.Kg3 Rc3+ 52.Kf2 Kxd6 53.Rxb7 Rc5 54.a6 Ke5 55.a7 Rc2+ 56.Ke3 Rc3+ 57.Kd2 Ra3
58.Kc2 Kf5 59.Kb2 Ra6 60.Kb3 Ra1 61.Rg7 Kf6 62.Rc7 Kf5 63.Kb4 Rb1+ 64.Kc5 Ra1
65.Kb6  1-0